000 00807nam a2200265 i 4500
003 DO-SdBNP
005 20250228152923.0
007 ta
008 240410b2023 dr ||||| |||| 00| 0 spa d
020 _a9789945637205
040 _aDO-SdBNP
_bspa
_cBNPHU
_espa
082 4 _222
100 1 _aCastillo, Efraím,
_d1940-
_eautor
_928022
245 1 0 _aTestosterona split :
_bnovela /
_cEfraim Castillo
264 _aSanto Domingo :
_bIsla Negra,
_c2023.
300 _a240 páginas :
_c23 cm.
336 _2rdacontent
_atexto
_btxt
337 _2rdamedia
_asin mediación
_bn
338 _2rdacarrier
_avolumen
_bnc
490 _aLa montaña de papel
500 _aIncluye datos biográficos del autor en la solapa de la cubierta
590 _aInventariado, 2024/BT
910 _aBtavárez
942 _2ddc
_cLBS1
999 _c56318
_d56318